Normal view
MARC view
- John W. Harbeson ; Donald Rothchild
Entry Personal Name
001 - CONTROL NUMBER
- control field: 9332
003 - CONTROL NUMBER IDENTIFIER
- control field: NUST
005 - DATE AND TIME OF LATEST TRANSACTION
- control field: 20180121114003.0
008 - FIXED-LENGTH DATA ELEMENTS
- fixed length control field: 180121|| aca||aabn | a|a d
040 ## - CATALOGING SOURCE
- Original cataloging agency: NUST
- Transcribing agency: NUST
100 ## - HEADING--PERSONAL NAME
- Personal name: John W. Harbeson ; Donald Rothchild
670 ## - SOURCE DATA FOUND
- Source citation: Work cat.: (NUST)320921: John W. Harbeson ; Donald Rothchild, Africa in World Politics, 1991
